000 00910nam a2200253Ia 4500
003 OSt
005 20221005110822.0
006 a|||||r|||| 00| 0
007 ta
008 221004b |||||||| |||| 00| 0 hin d
024 _a4073
037 _bGift, 11/05/2013,
_cTextual
040 _aCRL
_cCRL
_bhin
041 _2hin
_ahin
082 _aO152,1:g, L3
100 _aवाजपेयी, अशोक
245 0 _aफिलहाल
_b आज की कविता का एक लेखाजोखा
246 _aFilahāla: āj kī kavitā kā ek lekhājokhā
260 _aनई दिल्ली
_bराजकमल प्रकाशन भारत
_c1973
300 _a192पृ0
_ccm.
650 _aहिन्दी साहित्य
942 _hO152,1:g, L3
_cTEXL
_2cc
999 _c1019973
_d1019973